000 00437pab a2200169 454500
008 180718b2011 xxu||||| |||| 00| 0 eng d
100 _aObeng-Odoom, Franklin
245 _aDeveloping Accra for all? The story behind Africa's largest millennium city
260 _c2011
300 _ap.384-392.
362 _aSep
650 _aUrban economy
650 _aUrban development
773 _aDevelopment
908 _aN
909 _a93264
999 _c93264
_d93264